000 00346pab a2200133 454500
008 180718b1990 xxu||||| |||| 00| 0 eng d
245 _aReview of industry and management (Special feature)
260 _c1990
300 _aM-154-99
362 _a24 Nov.
650 _aIndustry - India
773 _aEconomic and Political Weekly
909 _a10894
999 _c10894
_d10894